Science, ideology, and world view : (Record no. 123038)
[ view plain ]
| 000 -LEADER | |
|---|---|
| fixed length control field | 01328cam a2200325 a 4500 |
| 001 - CONTROL NUMBER | |
| control field | 4440495 |
| 003 - CONTROL NUMBER IDENTIFIER | |
| control field | ARRUPE |
| 005 - DATE AND TIME OF LATEST TRANSACTION | |
| control field | 20150722150832.0 |
| 008 - FIXED-LENGTH DATA ELEMENTS--GENERAL INFORMATION | |
| fixed length control field | 800804s1981 cau b 001 0 eng |
| 010 ## - LIBRARY OF CONGRESS CONTROL NUMBER | |
| LC control number | 80020756 |
| 020 ## - INTERNATIONAL STANDARD BOOK NUMBER | |
| International Standard Book Number | 0520042174 |
| 020 ## - INTERNATIONAL STANDARD BOOK NUMBER | |
| International Standard Book Number | 0520042182 (pbk.) |
| 035 ## - SYSTEM CONTROL NUMBER | |
| System control number | (OCoLC)6648475 |
| 035 ## - SYSTEM CONTROL NUMBER | |
| System control number | (OCoLC)ocm06648475 |
| 035 ## - SYSTEM CONTROL NUMBER | |
| System control number | (NNC)4440495 |
| 040 ## - CATALOGING SOURCE | |
| Original cataloging agency | DLC |
| Transcribing agency | DLC |
| Modifying agency | m.c. |
| -- | NNUT |
| -- | CStRLIN |
| 050 0# - LIBRARY OF CONGRESS CALL NUMBER | |
| Classification number | QH331 |
| Item number | .G727 |
| 090 ## - LOCALLY ASSIGNED LC-TYPE CALL NUMBER (OCLC); LOCAL CALL NUMBER (OCLC) | |
| Classification number (OCLC) (R) ; Classification number, CALL (RLIN) (NR) | QH331 |
| Local cutter number (OCLC) ; Book number/undivided call number, CALL (RLIN) | .G727 |
| 300 ## - PHYSICAL DESCRIPTION | |
| Dimensions | 22 cm. |
| 100 1# - MAIN ENTRY--PERSONAL NAME | |
| Personal name | Greene, John C. |
| 9 (RLIN) | 18526 |
| 245 10 - TITLE STATEMENT | |
| Title | Science, ideology, and world view : |
| Remainder of title | essays in the history of evolutionary ideas / |
| Statement of responsibility, etc | John C. Greene. |
| 260 ## - PUBLICATION, DISTRIBUTION, ETC. (IMPRINT) | |
| Place of publication, distribution, etc | Berkeley ; |
| -- | London : |
| Name of publisher, distributor, etc | University of California Press, |
| Date of publication, distribution, etc | c1981. |
| 300 ## - PHYSICAL DESCRIPTION | |
| Extent | x, 202 p. ; |
| 504 ## - BIBLIOGRAPHY, ETC. NOTE | |
| Bibliography, etc | Includes bibliographical references and index. |
| 505 0# - FORMATTED CONTENTS NOTE | |
| Formatted contents note | Preface.--Science, ideology, and world view.--Objectives and methods in intellectual history.--The Kuhnian paradigm and the Darwinian revolution in natural history.--Biology and social theory in the nineteenth century.--Darwin as a social evolutionist.--Darwinism as a world view.--From Huxley to Huxley.--Postscript. |
| 650 #0 - SUBJECT ADDED ENTRY--TOPICAL TERM | |
| Topical term or geographic name as entry element | Biology |
| General subdivision | Philosophy |
| -- | History. |
| 9 (RLIN) | 18527 |
| 650 #0 - SUBJECT ADDED ENTRY--TOPICAL TERM | |
| Topical term or geographic name as entry element | Evolution |
| General subdivision | History. |
| 9 (RLIN) | 18528 |
| 650 #0 - SUBJECT ADDED ENTRY--TOPICAL TERM | |
| Topical term or geographic name as entry element | Science |
| General subdivision | Philosophy |
| -- | History. |
| 9 (RLIN) | 867 |
| 942 ## - ADDED ENTRY ELEMENTS (KOHA) | |
| Source of classification or shelving scheme | Library of Congress Classification |
| Koha item type | Monograph ( Printed materials) |
| Withdrawn status | Lost status | Source of classification or shelving scheme | Damaged status | Not for loan | Collection code | Home library | Current library | Shelving location | Date acquired | Total Checkouts | Full call number | Barcode | Date last seen | Price effective from | Koha item type |
|---|---|---|---|---|---|---|---|---|---|---|---|---|---|---|---|
| Library of Congress Classification | Main Collection | ARRUPE LIBRARY | ARRUPE LIBRARY | Main Collection | 22/07/2015 | QH331 .G727 | 46500004386 | 02/07/2019 | 22/07/2015 | Monograph ( Printed materials) |